| 000 | 00541nam a2200181 i 4500 | ||
|---|---|---|---|
| 001 | 120421 | ||
| 003 | ES-MaACL | ||
| 005 | 20230906191540.0 | ||
| 007 | t| | ||
| 008 | 070214s1964 sp r ||||1| eng d | ||
| 100 | 1 |
_aPohren, D. E. _992749 |
|
| 245 | 1 | 0 |
_aLives and legends of flamenco / _cD. E. Pohren. |
| 260 |
_aSevilla : _bSociety of Spanish Studies, _c1964. |
||
| 300 |
_a357 p., 20 lám ; _c22 cm. |
||
| 650 | 4 |
_aFlamenco- _vHistoria. _9170392 |
|
| 710 | 2 |
_aSociety of Spanish Studies. _96873 |
|
| 852 |
_aES-MaACL _jC-26392 _bR.55077 |
||
| 999 |
_c120421 _d120421 |
||